Symphony no. 10 in E flat /

Bibliographic Details
Main Author: Beethoven, Ludwig van, 1770-1827
Corporate Author: London Symphony Orchestra (Performer)
Other Authors: Cooper, Barry (Barry A. R.), Morris, Wyn (Conductor)
Format: CD Audio
Language:English
Published: Universal City, Calif. : MCA Classics, [1988]
Subjects:

MARC

Tag First Indicator Second Indicator Subfields
LEADER 00000cjm a2200000 a 4500
001 in00002425207
005 20151109163926.0
007 sd zsnznnmlne|
008 910731s1988 causyn eng
010 |a  91755846  
019 |a 19000067  |a 23447485 
024 1 |a 076732626924 
028 0 2 |a MCAD-6269  |b MCA Classics 
033 0 |a 19880908  |b 5754  |c L7 
033 0 |a 19880913  |b 5754  |c W46 
035 |a (OCoLC)ocm24546824 
035 |a (OCoLC)24546824  |z (OCoLC)19000067  |z (OCoLC)23447485 
040 |a DLC  |c DLC  |d CUY  |d OCLCQ  |d OCLCG  |d TXA  |d UtOrBLW 
041 0 |d eng  |g eng 
045 |a v7w2 
048 |a oa 
049 |a TXAM 
050 4 |a M1001.B4  |b no. 10 1988x 
090 |a M1001.B4  |b S96 no. 10 1988 
100 1 |a Beethoven, Ludwig van,  |d 1770-1827. 
240 1 0 |a Works.  |k Selections;  |o arranged 
245 1 0 |a Symphony no. 10 in E flat /  |c Beethoven. 
264 1 |a Universal City, Calif. :  |b MCA Classics,  |c [1988] 
264 4 |c ℗1988 
300 |a 1 sound disc :  |b digital ;  |c 4 3/4 in. 
306 |a 004850 
336 |a performed music  |b prm  |2 rdacontent 
337 |a audio  |b s  |2 rdamedia 
338 |a audio disc  |b sd  |2 rdacarrier 
500 |a At head of title: World premiere. 
511 0 |a London Symphony Orchestra ; Wyn Morris, conductor. 
518 |a Symphony recorded at Walthamstow Town Hall, London, Sept. 8, 1988; lecture recorded at CTS Studios, Wembley, Sept. 13, 1988. 
500 |a Edition recorded: London : Universal Edition, c1988. 
500 |a Compact disc. 
505 0 |a 1st movement : Andante-Allegro-Andante / realized and completed by Barry Cooper -- The story of Beethoven's Tenth symphony : an illustrated lecture / by Barry Cooper. 
500 |a Sound recording. 
650 0 |a Symphonies. 
600 1 0 |a Beethoven, Ludwig van,  |d 1770-1827  |x Criticism and interpretation. 
700 1 |a Beethoven, Ludwig van,  |d 1770-1827. 
700 1 |a Cooper, Barry  |q (Barry A. R.) 
700 1 |a Morris, Wyn,  |e conductor. 
700 1 2 |a Cooper, Barry  |q (Barry A. R.).  |t Story of Beethoven's Tenth symphony.  |f 1988. 
710 2 |a London Symphony Orchestra,  |e performer. 
948 |a cataloged  |b h  |c 2008/10/27  |d c  |e cajsmith  |f 12:37:04 pm 
994 |a C0  |b TXA 
999 |a MARS 
999 f f |s d56e51a8-a49d-3d48-bafd-7b7cfdcca14f  |i 9baa23e7-88df-38a4-9ad0-7a0115d0d5e2  |t 0 
952 f f |p ric  |a Texas A&M University  |b Rellis Campus  |c Joint Library Facility  |d Remote Storage  |t 0  |e M1001.B4 S96 no. 10 1988  |h Library of Congress classification  |i audio -- audio disc  |m A14837361280 
998 f f |a M1001.B4 S96 no. 10 1988  |t 0  |l Remote Storage